| 000 | 00824cab a2200265 4500 | ||
|---|---|---|---|
| 001 | WB2829-07 | ||
| 008 | 090401t1992 xxu||||| |||| 00| 0 eng d | ||
| 035 | _a(Sirsi) u63591 | ||
| 041 | _aeng | ||
| 245 | _aChildcare organisation opens nurseries | ||
| 260 | _c1992 | ||
| 350 | _a0 | ||
| 490 |
_aEstates Times _v(1152) 17 July 1992, 4(1) |
||
| 520 | _aSmall World hopes to open the first of up to 100 nurseries by 1993 but finds it difficult to explain the venture to developers, who still expect a market rent from the nursery. | ||
| 650 | _aBUSINESS PARKS | ||
| 650 | _aCHILDCARE FACILITIES | ||
| 650 | _aCRECHES | ||
| 650 | _aKINDERCARE | ||
| 650 | _aNURSERIES | ||
| 650 | _aSMALL WORLD | ||
| 690 | _aPROPERTY-COMMERCIAL PROPERTY | ||
| 690 | _aECONOMIC AND SOCIAL | ||
| 942 | _n0 | ||
| 948 | _c04/03/1997 | ||
| 999 |
_c39531 _d39531 |
||